00537nam a2200205 a 4500001001300000003000900013005001700022008004100039020002500080082001800105100001800123245003100141260003600172300000900208500003500217505001300252650002700265650002100292700001800313nice12345678IN_TiNIC20260116013041.0050524s1992 newa grp 000 0 eng  a0143367 c493.500a294.3925bBLO aBlofeld, John aTantric Mysticism of Tibet aNew DelhibPenguin Books c1992 a257p aincludes index and biblioraphy2 aGlossary aBuddhism-Tibet-Tantric aBuddhism-Tantric1 aBlofeld, John